| 000 | 00625nmm a2200265 a 4500 | ||
|---|---|---|---|
| 003 | AR-BaBNM | ||
| 005 | 20251128204253.0 | ||
| 008 | 037019s1947 ||||||||||||||000 | spa|| | ||
| 040 | _cAR-BaBNM | ||
| 100 | 1 | _aGillet, Louis | |
| 245 | 1 | 0 | _aDante |
| 250 | _a1ª ed. | ||
| 260 |
_aBarcelona _bJosé Janés Editor _c1947 |
||
| 300 | _a298 p. | ||
| 650 | 4 | _aLITERATURA ITALIANA | |
| 650 | 4 | _aBIOGRAFIAS | |
| 650 | 4 | _aEDAD MEDIA | |
| 650 | 4 | _aVIDA LITERARIA | |
| 650 | 4 | _aESCRITORES | |
| 653 | _aINFLUENCIA CLASICA | ||
| 655 | _aBIOGRAFIAS | ||
| 700 | 1 |
_aRiba, Carlos _etraductor |
|
| 942 | _cBK | ||
| 998 | _cMARTIN | ||
| 999 |
_c6798 _d6798 |
||